<?xml version="1.0" encoding="UTF-8"?>
<record
    xmlns:xsi="http://www.w3.org/2001/XMLSchema-instance"
    xsi:schemaLocation="http://www.loc.gov/MARC21/slim http://www.loc.gov/standards/marcxml/schema/MARC21slim.xsd"
    xmlns="http://www.loc.gov/MARC21/slim">

  <leader>05071nam a22004453i 4500</leader>
  <controlfield tag="001">EBC5845600</controlfield>
  <controlfield tag="003">MiAaPQ</controlfield>
  <controlfield tag="005">20240724113853.0</controlfield>
  <controlfield tag="006">m     o  d |      </controlfield>
  <controlfield tag="007">cr cnu||||||||</controlfield>
  <controlfield tag="008">240724s2019    xx      o     ||||0 ita d</controlfield>
  <datafield tag="020" ind1=" " ind2=" ">
    <subfield code="a">9781789690927</subfield>
    <subfield code="q">(electronic bk.)</subfield>
  </datafield>
  <datafield tag="035" ind1=" " ind2=" ">
    <subfield code="a">(MiAaPQ)EBC5845600</subfield>
  </datafield>
  <datafield tag="035" ind1=" " ind2=" ">
    <subfield code="a">(Au-PeEL)EBL5845600</subfield>
  </datafield>
  <datafield tag="035" ind1=" " ind2=" ">
    <subfield code="a">(OCoLC)1111976631</subfield>
  </datafield>
  <datafield tag="040" ind1=" " ind2=" ">
    <subfield code="a">MiAaPQ</subfield>
    <subfield code="b">eng</subfield>
    <subfield code="e">rda</subfield>
    <subfield code="e">pn</subfield>
    <subfield code="c">MiAaPQ</subfield>
    <subfield code="d">MiAaPQ</subfield>
  </datafield>
  <datafield tag="050" ind1=" " ind2="4">
    <subfield code="a">BL793.S3 .C783 2019</subfield>
  </datafield>
  <datafield tag="082" ind1="0" ind2=" ">
    <subfield code="a">292.08093911</subfield>
  </datafield>
  <datafield tag="100" ind1="1" ind2=" ">
    <subfield code="a">Cruccas, Emiliano.</subfield>
  </datafield>
  <datafield tag="245" ind1="1" ind2="0">
    <subfield code="a">NVMINA MAGNA :</subfield>
    <subfield code="b">Roma e il Culto Dei Grandi Dei Di Samotracia.</subfield>
  </datafield>
  <datafield tag="250" ind1=" " ind2=" ">
    <subfield code="a">1st ed.</subfield>
  </datafield>
  <datafield tag="264" ind1=" " ind2="1">
    <subfield code="a">Oxford :</subfield>
    <subfield code="b">Archaeopress,</subfield>
    <subfield code="c">2019.</subfield>
  </datafield>
  <datafield tag="264" ind1=" " ind2="4">
    <subfield code="c">&#xA9;2019.</subfield>
  </datafield>
  <datafield tag="300" ind1=" " ind2=" ">
    <subfield code="a">1 online resource (157 pages)</subfield>
  </datafield>
  <datafield tag="336" ind1=" " ind2=" ">
    <subfield code="a">text</subfield>
    <subfield code="b">txt</subfield>
    <subfield code="2">rdacontent</subfield>
  </datafield>
  <datafield tag="337" ind1=" " ind2=" ">
    <subfield code="a">computer</subfield>
    <subfield code="b">c</subfield>
    <subfield code="2">rdamedia</subfield>
  </datafield>
  <datafield tag="338" ind1=" " ind2=" ">
    <subfield code="a">online resource</subfield>
    <subfield code="b">cr</subfield>
    <subfield code="2">rdacarrier</subfield>
  </datafield>
  <datafield tag="490" ind1="1" ind2=" ">
    <subfield code="a">Archaeopress Roman Archaeology Series ;</subfield>
    <subfield code="v">v.56</subfield>
  </datafield>
  <datafield tag="505" ind1="0" ind2=" ">
    <subfield code="a">Cover -- Title Page -- Copyright Page -- Contents Page -- Prefazione -- Premessa -- Cap. 1. &#x2026;Und niemals wissen, was sie sind!  Origine e sviluppo del culto dei Cabiri e dei Grandi Dei nel Mediterraneo orientale -- Cap. 2. Lari, Penati e Grandi Dei di Samotracia  a Roma tra la media e la tarda et&#xE0; repubblicana -- 2.1 Samotracia e Roma: il culto dei Grandi Dei e i cittadini romani -- 2.2 Sincretismi e polisemicit&#xE0; di gruppi divini: le identificazioni Penati - Grandi Dei e Lan - Grandi Dei. -- 2.2.1 Vos di patrii ac Penates qui huic urbi atque huic reipublicae praesidetis (Cic. Pro Sulla 86). Divinit&#xE0; che proteggono 1: I Penates. -- 2.2.1.1 'ex Samothrace in Phrygiam' e 'ex Phrygia in Italiam'. I Penati di Lavinio -- 2.2.1.2 &#x3A4;&#x3C1;&#x3C9;&#x3B9;&#x3BA;&#x3BF;&#x1F76; &#x3B8;&#x3B5;&#x3BF;&#x3AF; di Roma. Il culto dei Penati tra l'aedes Vestae e il tempio sulla Velia -- 2.2.2 Qui compita servant / et vigilant nostra semper in urbe (Ov. fasti 2,615-616). Divinit&#xE0; del focolare, divinit&#xE0; che proteggono 2: I Lares. -- 2.2.2.1 Il tempio dei Lares Permarini a Roma -- 2.2.2.2 Il tempio dei Lares Praestites a Roma -- 3. Lapis nigellus.  L'introduzione del culto della Magna Mater a Roma e in Italia -- Cap. 4. L'atrium della villa di Oplontis: l'autocelebrazione di un devoto ai Grandi Dei di Samotracia? -- Cap. 5. &#x201A;Klein von Gestalt,/ Gro&#xDF; von Gewalt,/ Der Scheiternden Retter,/ Uralt-verehrte G&#xF6;tter!' In conclusione. -- Summary -- Tabella cronologica -- Indice delle fonti antiche -- Autori -- Iscrizioni -- Indice analitico -- Personaggi storici -- Divinit&#xE0;/eroi -- Luoghi e monumenti -- Cose notevoli -- Indice delle abbreviazioni bibliografiche -- Indice -- Lista delle figure -- Prefazione -- Premessa -- Cap. 1. &#x2026;Und niemals wissen, was sie sind!  Origine e sviluppo del culto dei Cabiri e dei Grandi Dei nel Mediterraneo orientale.</subfield>
  </datafield>
  <datafield tag="505" ind1="8" ind2=" ">
    <subfield code="a">Cap. 2. Lari, Penati e Grandi Dei di Samotracia  a Roma tra la media e la tarda et&#xE0; repubblicana -- 2.1 Samotracia e Roma: il culto dei Grandi Dei e i cittadini romani -- 2.2 Sincretismi e polisemicit&#xE0; di gruppi divini: le identificazioni Penati - Grandi Dei e Lari - Grandi Dei. -- 2.2.1 Vos di patrii ac Penates qui huic urbi atque huic reipublicae praesidetis (Cic. Pro Sulla 86). Divinit&#xE0; che proteggono 1: I Penates. -- 2.2.1.1 'ex Samothrace in Phrygiam' e 'ex Phrygia in Italiam'. I Penati di Lavinio -- 2.2.1.2 &#x3A4;&#x3C1;&#x3C9;&#x3B9;&#x3BA;&#x3BF;&#x1F76; &#x3B8;&#x3B5;&#x3BF;&#x3AF; di Roma. Il culto dei Penati tra l'aedes Vestae e il tempio sulla Velia -- 2.2.2 Qui compita servant / et vigilant nostra semper in urbe (Ov. fasti 2,615-616). Divinit&#xE0; del focolare, divinit&#xE0; che proteggono 2: I Lares. -- 2.2.2.1 Il tempio dei Lares Permarini a Roma -- 2.2.2.2 Il tempio dei Lares Praestites a Roma -- 3. Lapis nigellus.  L'introduzione del culto della Magna Mater a Roma e in Italia -- Cap. 4. L'atrium della villa di Oplontis: l'autocelebrazione di un devoto ai Grandi Dei di Samotracia? -- Cap. 5. &#x201A;Klein von Gestalt,/ Gro&#xDF; von Gewalt,/ Der Scheiternden Retter,/ Uralt-verehrte G&#xF6;tter!' In conclusione. -- Summary -- Tabella cronologica -- Indice delle fonti antiche -- Autori -- Iscrizioni -- Indice analitico -- Personaggi storici -- Divinit&#xE0;/eroi -- Luoghi e monumenti -- Cose notevoli -- Indice delle abbreviazioni bibliografiche.</subfield>
  </datafield>
  <datafield tag="520" ind1=" " ind2=" ">
    <subfield code="a">This volume underlines the main aspects of the cult of the Great Gods of Samothrace in light of the influences of Roman cultural and mythological substratum.</subfield>
  </datafield>
  <datafield tag="588" ind1=" " ind2=" ">
    <subfield code="a">Description based on publisher supplied metadata and other sources.</subfield>
  </datafield>
  <datafield tag="590" ind1=" " ind2=" ">
    <subfield code="a">Electronic reproduction. Ann Arbor, Michigan : ProQuest Ebook Central, 2024. Available via World Wide Web. Access may be limited to ProQuest Ebook Central affiliated libraries. </subfield>
  </datafield>
  <datafield tag="650" ind1=" " ind2="0">
    <subfield code="a">Samothrace Island (Greece)-Religion.</subfield>
  </datafield>
  <datafield tag="655" ind1=" " ind2="4">
    <subfield code="a">Electronic books.</subfield>
  </datafield>
  <datafield tag="776" ind1="0" ind2="8">
    <subfield code="i">Print version:</subfield>
    <subfield code="a">Cruccas, Emiliano</subfield>
    <subfield code="t">NVMINA MAGNA: Roma e il Culto Dei Grandi Dei Di Samotracia</subfield>
    <subfield code="d">Oxford : Archaeopress,c2019</subfield>
  </datafield>
  <datafield tag="797" ind1="2" ind2=" ">
    <subfield code="a">ProQuest (Firm)</subfield>
  </datafield>
  <datafield tag="830" ind1=" " ind2="0">
    <subfield code="a">Archaeopress Roman Archaeology Series</subfield>
  </datafield>
  <datafield tag="856" ind1="4" ind2="0">
    <subfield code="u">https://ebookcentral.proquest.com/lib/orpp/detail.action?docID=5845600</subfield>
    <subfield code="z">Click to View</subfield>
  </datafield>
  <datafield tag="999" ind1=" " ind2=" ">
    <subfield code="c">12424</subfield>
    <subfield code="d">12424</subfield>
  </datafield>
</record>
